| 000 | 00914nam a22002537a 4500 | ||
|---|---|---|---|
| 001 | BD-DhSAU 8652 | ||
| 003 | BD-DhSAU | ||
| 005 | 20181217141240.0 | ||
| 008 | 150613b2013 bg a||||r|||| 000 0 eng d | ||
| 040 | _aBD-DhSAU | ||
| 082 |
_222 _a595.7 _bIs43 |
||
| 100 |
_aIslam, Marufa _eRegistration No. # 07-2312 |
||
| 245 |
_aEffect of different traps on incidence and management of cucurbit fruit fly, bactrocera cucurbitae / _bMS thesis _cby Marufa Islam |
||
| 260 |
_aSher-e- Bangla Agricultural University : _bDepartment of Entomology, _c2013. |
||
| 300 |
_avii, 72 p. : _bill. ; _c30 cm. |
||
| 590 | _ajoy | ||
| 650 | _aEntomology. | ||
| 650 | _aCucurbit fruit fly | ||
| 650 | _aBactrocera cucurbitae | ||
| 700 |
_aLatif, Md. Abdul _eSupervisor |
||
| 700 |
_aAli, Mohammed _eCo-Supervisor |
||
| 856 | _uhttp://archive.saulibrary.edu.bd:8080/xmlui/handle/123456789/1351 | ||
| 942 |
_2ddc _cTHESIS |
||
| 999 |
_c8652 _d8652 |
||